|
|
|
|
| LEADER |
02071nam a2200529 a 4500 |
| 001 |
nkc20091851236 |
| 003 |
CZ PrNK |
| 005 |
20090402095533.0 |
| 007 |
ta |
| 008 |
090114s2008 xr a f 000 0 cze |
| 015 |
|
|
|a cnb001851236
|
| 020 |
|
|
|a 978-80-7372-403-0
|q (brož.)
|
| 035 |
|
|
|a (OCoLC)316682852
|
| 040 |
|
|
|a OLA001
|b cze
|d BOA001
|d ABA001
|
| 072 |
|
7 |
|a 621
|x Strojírenství
|2 Konspekt
|9 19
|
| 080 |
|
|
|a 621.791
|2 MRF
|
| 080 |
|
|
|a 004.94
|2 MRF
|
| 080 |
|
|
|a 004.42:004.94
|2 MRF
|
| 080 |
|
|
|a 004.42SYSWELD
|2 MRF
|
| 080 |
|
|
|a 004.42MOVYPRO
|2 MRF
|
| 080 |
|
|
|a (048.8)
|2 MRF
|
| 100 |
1 |
|
|a Moravec, Jaromír,
|d 1975-
|7 osa2017964007
|4 aut
|
| 245 |
1 |
0 |
|a Analýza kritických míst programem MOVYPRO 07 na základě simulací v programu SYSWELD /
|c Jaromír Moravec
|
| 250 |
|
|
|a Vyd. 1.
|
| 260 |
|
|
|a Liberec :
|b Technická univerzita v Liberci,
|c 2008
|
| 300 |
|
|
|a 98 s. :
|b il. (převážně barev.) ;
|c 21 cm
|
| 500 |
|
|
|a Na obálce nad názvem: Technická univerzita v Liberci, Fakulta strojní - katedra strojírenské technologie
|
| 504 |
|
|
|a Obsahuje bibliografické odkazy
|
| 650 |
0 |
7 |
|a svařování
|7 ph116342
|2 czenas
|
| 650 |
0 |
7 |
|a počítačová simulace
|7 ph124508
|2 czenas
|
| 650 |
0 |
7 |
|a simulační programy
|7 ph125545
|2 czenas
|
| 650 |
0 |
7 |
|a SYSWELD (software)
|7 ph499503
|2 czenas
|
| 650 |
0 |
7 |
|a MOVYPRO 07 (software)
|7 ph500497
|2 czenas
|
| 650 |
0 |
9 |
|a welding
|2 eczenas
|
| 650 |
0 |
9 |
|a computer simulation
|2 eczenas
|
| 650 |
0 |
9 |
|a simulation computer programms
|2 eczenas
|
| 650 |
0 |
9 |
|a SYSWELD
|2 eczenas
|
| 650 |
0 |
9 |
|a MOVYPRO 07
|2 eczenas
|
| 655 |
|
7 |
|a monografie
|7 fd132842
|2 czenas
|
| 655 |
|
9 |
|a monographs
|2 eczenas
|
| 710 |
2 |
|
|a Technická univerzita v Liberci.
|b Katedra strojírenské technologie
|7 ko2003181605
|
| 856 |
4 |
1 |
|u http://www.digitalniknihovna.cz/mzk/uuid/uuid:6b6f1190-b020-11e3-9d7d-005056827e51
|y Digitalizovaný dokument
|x NDK
|
| 910 |
2 |
|
|a BOA001
|b 2-1217.636
|
| 990 |
|
|
|a BK
|
| 995 |
|
|
|a 01
|
| 991 |
|
|
|b 200902
|c NOV
|
| 996 |
6 |
|
|b 2610364687
|c 2-1217.636
|l MZK
|r Sklad / do 1 hodiny
|n 0
|p p.v.
|w 000926869
|u 000010
|a 1
|e BOA001
|j MZK50
|s P
|